00775 2200265 4500001002100000005001500021035002000036007000300056008003900059020001900098082000800117084001400125100001900139245006000158250001100218260003900229300003600268500001100304650004300315650004900358650004200407990002000449990002000469990002000489INLIS00000000000312520221102083526 a0010-0922000041ta221102 | | |  a978979534243-4 a525 a525 BRI t0 aBrian Williams1 aTanya & Jawab Ensiklopedia, Bumi Kita /cBrian Williams aCet. 1 aBandung. :bPT. Pakar Raya,c2005. a40 hlm. :bilus. ;c20 x 28 cm. aIndeks aAlih Bahasa, Endang Naskah Alimah, S.S aPenyunting bahasa, Endang Nahkah Alimah, S.S aPenyunting Materi, Ir. Rudiyanto, M.A a11281/P/BL/2016 a11392/P/BL/2016 a11400/P/BL/2016